Разработка прогрессивных конструкций инструмента для обработки штампов повышенной точности на станках с ЧПУ: Итоговый отчет о НИР; Тема: 4-18/84

Bibliografische gegevens
Coauteur: Томский политехнический институт (ТПИ) (595)
Andere auteurs: Полетика М. Ф. Михаил Федорович (руководитель), Хазанов М. И. (исполнитель)
Samenvatting:Передано в Государственный архив Томской области
Taal:Russisch
Gepubliceerd in: Томск, 1985
Formaat: MixedMaterials Boek
KOHA link:https://koha.lib.tpu.ru/cgi-bin/koha/opac-detail.pl?biblionumber=154925

MARC

LEADER 00000nbm0a2200000 4500
001 154925
005 20231031152056.0
029 0 0 |a SU  |b 01840030509  |f ТПУ 
035 |a (RuTPU)RU\TPU\book\168034 
090 |a 154925 
100 |a 20090306d1985 k y0rusy50 ca 
101 0 |a rus 
102 |a RU 
105 |a a p 001zy 
200 1 |a Разработка прогрессивных конструкций инструмента для обработки штампов повышенной точности на станках с ЧПУ  |e Итоговый отчет о НИР  |e Тема: 4-18/84  |f Томский политехнический институт (ТПИ) ; руководитель М. Ф. Полетика ; М. И. Хазанов 
210 |a Томск  |d 1985 
215 |a 85 л. 
320 |a Библиогр.: с. 83-85. 
333 |a Передано в Государственный архив Томской области 
675 |a 621.914.2.025.7(04)  |v 3 
702 1 |a Полетика  |b М. Ф.  |c российский ученый  |c Почетный профессор ТПУ  |f 1922-2003  |g Михаил Федорович  |2 stltpush  |3 (RuTPU)RU\TPU\pers\19854  |4 673 
702 1 |a Хазанов  |b М. И.  |4 677 
712 0 2 |a Томский политехнический институт (ТПИ)  |c (1944-1991)  |2 stltpush  |3 (RuTPU)RU\TPU\col\1123  |4 595 
801 1 |a RU  |b 63413507  |c 20090306  |g PSBO 
801 2 |a RU  |b 63413507  |c 20100317  |g RCR 
942 |c BK